Fútbol Argentino - Clubes Temporada 2025 - Estadísticas

Estadísticas generales
  • Esta prueba ha sido intentada 2.255 veces
    1.780 desde el último reinicio
  • La puntuación promedio es 47 de 66
Estadísticas de respuestas
División Club % Correcto
Liga Profesional Boca Juniors
99%
Liga Profesional River Plate
98%
Liga Profesional Independiente
95%
Liga Profesional Racing Club
95%
Liga Profesional Estudiantes de La Plata
92%
Liga Profesional Rosario Central
91%
Liga Profesional San Lorenzo
91%
Liga Profesional Aldosivi
89%
Liga Profesional Argentinos Juniors
88%
Liga Profesional Belgrano
88%
Liga Profesional Huracán
88%
Liga Profesional Newell's Old Boys
88%
Liga Profesional Vélez Sarsfield
88%
Liga Profesional Banfield
87%
Liga Profesional Talleres
87%
Primera Nacional Talleres de Remedios de Escalada
87%
Liga Profesional Barracas Central
86%
Liga Profesional Deportivo Riestra
86%
Liga Profesional Lanús
86%
Liga Profesional Platense
85%
Liga Profesional Unión
84%
Liga Profesional Gimnasia y Esgrima de La Plata
83%
Liga Profesional Atlético Tucumán
82%
Liga Profesional Central Córdoba de Santiago del Estero
82%
Liga Profesional Independiente Rivadavia
81%
Liga Profesional Godoy Cruz
80%
Liga Profesional San Martín de San Juan
80%
Primera Nacional Colón
79%
Liga Profesional Instituto
79%
Liga Profesional Sarmiento de Junín
79%
Liga Profesional Tigre
77%
Liga Profesional Defensa y Justicia
76%
Primera Nacional Chacarita Juniors
73%
Primera Nacional Ferro Carril Oeste
71%
Primera Nacional Arsenal
70%
Primera Nacional Nueva Chicago
69%
Primera Nacional San Martín de Tucumán
68%
Primera Nacional Almirante Brown
66%
Primera Nacional Atlanta
63%
Primera Nacional Quilmes
63%
Primera Nacional Deportivo Morón
62%
Primera Nacional Patronato
62%
Primera Nacional All Boys
59%
Primera Nacional Gimnasia y Esgrima de Jujuy
59%
Primera Nacional Alvarado
58%
Primera Nacional Deportivo Madryn
57%
Primera Nacional Estudiantes de Río Cuarto
57%
Primera Nacional Temperley
56%
Primera Nacional Estudiantes de Caseros
55%
Primera Nacional Gimnasia y Tiro de Salta
55%
Primera Nacional Almagro
53%
Primera Nacional Agropecuario
52%
Primera Nacional Racing de Córdoba
52%
Primera Nacional Defensores de Belgrano
51%
Primera Nacional Deportivo Maipú
51%
Primera Nacional Gimnasia y Esgrima de Mendoza
51%
Primera Nacional Colegiales
50%
Primera Nacional Los Andes
49%
Primera Nacional Chaco For Ever
48%
Primera Nacional San Miguel
48%
Primera Nacional San Telmo
48%
Primera Nacional Central Norte
47%
Primera Nacional Mitre de Santiago del Estero
45%
Primera Nacional Güemes
44%
Primera Nacional Tristán Suárez
44%
Primera Nacional Defensores Unidos de Zárate
42%
No se encontraron pruebas coincidentes
Distribución de puntuación
Porcentaje de gente con cada puntuación
Porcentaje por número respondido
Historial de tus puntuaciones
No has intentado esta prueba desde el último reinicio